Central Library OPAC University of Rajshahi

Viruses, vectors, and vegetation / (Record no. 13874)

MARC details
000 -LEADER
fixed length control field 00788nam a2200265 4500
001 - CONTROL NUMBER
control field 13874
003 - CONTROL NUMBER IDENTIFIER
rucl marc code BD-RjUL
005 - DATE AND TIME OF LATEST TRANSACTION
control field 20211208235528.0
008 - FIXED-LENGTH DATA ELEMENTS--GENERAL INFORMATION
fixed length control field 140202s1969 nyua b 001 0 eng
020 ## - INTERNATIONAL STANDARD BOOK NUMBER
International Standard Book Number 0471567868
035 ## - SYSTEM CONTROL NUMBER
System control number (BD-RjUL)13926
040 ## - CATALOGING SOURCE
Original cataloging agency DLC
Transcribing agency DLC
Modifying agency DLC
-- DLC
-- BD-RjUL
Language of cataloging eng
041 ## - LANGUAGE CODE
Language code of text/sound track or separate title eng
082 00 - DEWEY DECIMAL CLASSIFICATION NUMBER
Classification number 576.6483
Author mark and year VIR
245 00 - TITLE STATEMENT
Title Viruses, vectors, and vegetation /
Statement of responsibility, etc. Edited by Karl Maramorosch.
260 ## - PUBLICATION, DISTRIBUTION, ETC. (IMPRINT)
Place of publication, distribution, etc. New York :
Name of publisher, distributor, etc. Interscience Publishers ,
Date of publication, distribution, etc. c1969.
300 ## - PHYSICAL DESCRIPTION
Pagination xii, 666 p. :
Illustrations illus. ;
Size 23 cm.
504 ## - BIBLIOGRAPHY, ETC. NOTE
Bibliography, etc Includes bibliographies and index.
650 #0 - SUBJECT ADDED ENTRY--TOPICAL TERM
Topical term or geographic name as entry element Plant viruses.
9 (RLIN) 43368
Topical term or geographic name as entry element Virus-vector relationships.
9 (RLIN) 43369
700 1# - ADDED ENTRY--PERSONAL NAME
Personal name Maramorosch, Karl,
Relator term ed.
942 ## - ADDED ENTRY ELEMENTS (KOHA)
Source of classification or shelving scheme Dewey Decimal Classification
Koha item type Books
Holdings
Lost status Source of classification or shelving scheme Damaged status Not for loan Collection code Permanent Location Current Location Shelving location Date acquired Source of acquisition Cost, normal purchase price Total Checkouts Full call number Date last seen Copy number Koha item type
  Dewey Decimal Classification   Not For Loan Non-fiction Central Library, University of Rajshahi Central Library, University of Rajshahi   07/05/1977 Heffer & sons 32.00   576.6483 VIR 1969 02/02/2014 C-2 Books
  Dewey Decimal Classification   Not For Loan Non-fiction Central Library, University of Rajshahi Central Library, University of Rajshahi Reading Room 07/05/1977 W. Heffer and sons. 32.00   576.6483 VIR 1969 03/02/2014 C-1 Books